|
|
|
|
| LEADER |
00000ny a22000003n 4500 |
| 005 |
20110601150032.0 |
| 008 |
030831s2003 sp 000 0 spa d |
| 020 |
|
|
|a 9788497672191
|
| 035 |
|
|
|a 72
|
| 040 |
|
|
|a BUS
|d vLex
|
| 080 |
|
|
|a 004.738.5:347.71(460)
|
| 090 |
|
|
|c 1038
|d 1038
|
| 100 |
1 |
|
|a Ribas Alejandro, Javier
|
| 245 |
1 |
0 |
|a Aspectos jurd̕icos del comercio electrn̤ico en Internet
|h [Recurso electrn̤ico]
|c Javier Ribas Alejandro
|
| 256 |
|
|
|a Servicio en ln̕ea
|
| 260 |
|
|
|a Barcelona :
|b Editorial vLex,
|c 2001
|
| 300 |
|
|
|a p. ;
|c cm
|
| 506 |
1 |
|
|a Contenido solo disponible en los productos indicados
|d vLex Global
|d vLex Global (Academic Edition, excluding Law Schools)
|d vLex Global (U.S. Academic Edition, Law Schools)
|d vLex Global (U.S. Academic Edition, excluding Law Schools)
|d vLex Global (Academic Edition, Law Schools)
|
| 650 |
0 |
7 |
|a Intercambio electrn̤ico de datos
|2 Tesauro vLex
|
| 650 |
0 |
7 |
|a Nuevas tecnologa̕s
|2 Tesauro vLex
|
| 650 |
0 |
7 |
|a Comercio electrn̤ico
|2 Tesauro vLex
|
| 650 |
0 |
7 |
|a Otras tarjetas y el comercio electrn̤ico
|2 Tesauro vLex
|
| 650 |
0 |
7 |
|a Contratacin̤ electrn̤ica
|2 Tesauro vLex
|
| 740 |
0 |
|
|a vLex Libros (Servicios en ln̕ea)
|
| 856 |
4 |
0 |
|u http://vlex.com/source/72
|z Acceso restringido
|
| 942 |
|
|
|c BOOK
|